000 00359nam a2200157Ia 4500
008 221030s9999 xx 000 0 und d
020 _a8129770420x
041 _aEnglish
082 _a105.23
_bCha
100 _aS. Chavan
245 0 _aVisual Basic . Net
260 _bPearson Education
_aDelhi
_c2004
300 _a576
650 _aComputers
942 _cBK
999 _c2606
_d2606